'A' Logos Close-Up Quiz Stats

 Plays Quiz Updated Mar 8, 2019

Score 0/20 Timer 06:00
9 Plays Today
Hint Answer % Correct
Amazon
99.2%
Apple
98.7%
Adidas
94%
Audi
93.5%
American Broadcasting Company
92.9%
AT&T
80.7%
Android
80.6%
Arby's
79.2%
Atari
73.5%
American Airlines
69.7%
Hint Answer % Correct
Aflac
64.7%
Los Angeles Angels
64.2%
Asics
57.9%
Allstate
56.4%
Arsenal
54%
Acura
44.4%
Anheuser-Busch
34.4%
Aquafina
20%
Al Jazeera
17%
Advanced Micro Devices
9.3%

You're not logged in!

Compare scores with friends on all Sporcle quizzes.
OR
Log In

Sporcle TV

Today on Sporcle TV


Watch our educational content, quiz creation guides, and fun videos on Sporcle TV.

Show Comments

Extras

Top Quizzes Today


Score Distribution

Your Account Isn't Verified!

In order to create a playlist on Sporcle, you need to verify the email address you used during registration. Go to your Sporcle Settings to finish the process.

Report this User

Report this user for behavior that violates our Community Guidelines.

Details: